Statistics for Top 20 NBA players to never have a scoring title

Click here to take the quiz!

General Stats

  • This quiz has been taken 32 times
    (5 since last reset)
  • The average score is 10 of 20

Answer Stats

TeamsPlayer% Correct
BOSBill Russell
75%
NOH/LAC/HOU/OKL/PHOChris Paul
75%
DALDirk Nowitzki
75%
PHO/DAL/LALSteve Nash
75%
NOP, LALAnthony Davis
50%
HOU/TORHakeem Olajuwon
50%
UTA/LALKarl Malone
50%
SAS/TOR/LACKawhi Leonard
50%
MIN/BOS/BKNKevin Garnett
50%
BOSLarry Bird
50%
LALMagic Johnson
50%
BUF/HOU/PHI/WAS/ATL/MIL/SASMoses Malone
50%
DENNikola Jokic
50%
SASTim Duncan
50%
PHI/PHO/HOUCharles Barkley
25%
LALElgin Baylor
25%
BOSJohn Havlicek
25%
NYN/PHIJulius Erving
25%
SAC/MILOscar Robertson
25%
CHI/HOU/PORScottie Pippen
25%

Score Distribution

Percentile by Number Answered

Percent of People with Each Score

Your Score History

You have not taken this quiz since the last reset